Регионална библиотека "Любен Каравелов" - Русе

Тринайстият етаж на риска (Запис номер 98863)

MARC детайли
000 -Лидер
Контролно поле с фиксирана дължина 00965nam a2200277 c 4500
003 - Код на организацията, давaща контролен номер
Контролно поле BLK
005 - Дата и час на последна редакция
Контролно поле 20220225153423.0
008 - Елементи от данни с фиксирана дължина
fixed length control field 180409b bul|||||r ||||||| ||bul||
010 ## - Наследен системен номер
LC control number KNG00103851000
020 ## - Международен стандартен номер на книга ISBN
Международен стандартен номер на книга ISBN 954-9548-44-9
040 ## - Източник на каталожния запис
Идентификатор на билиотеката - собственик на записа BLK
041 ## - Код за език
Код за езика на текст/звукозапис или на отделно заглавие Български
Код за езика КДБФ Български
080 ## - УДК
Текстов определител УДК Българска литература
УДК код - определител по УДК 821.163.2
УДК определител -1
УДК - код + определител 821.163.2-1
100 1# - Редна дума - Автор
Автор Николова, Добрина
Авторска отговорност първи автор
R(LIN) 255326
139 ## - Редно поле
Редна дума Николова, Добрина
Авторски знак Николова - Н 75
245 10 - Сведения за заглавието
Заглавие Тринайстият етаж на риска
Подзаглавни данни Лирика
Редно поле (дума) Добрина Николова.
257 ## - Страна на издаване
Страна на създаване/издаване България
260 ## - Област на издателските данни
Име на издателя, разпространителя и проч. Авангард принт
Година на издаване 2002
Печатница Русе : Авангард принт
300 ## - Физическа характеристика
Страници 48 с.
Размери/Мащаб 20 см
380 ## - Жанр
Жанр Худож. лит.
852 ## - Местоположение
Форматна сигнатура Цб 212969
852 ## - Местоположение
Форматна сигнатура К 821.163.2/Н 75 Д
856 4# - Електронен адрес и достъп
Електронен формат pdf - файл
856 4# - Електронен адрес и достъп
Електронен формат pdf - файл
999 ## - СИСТЕМНИ КОНТРОЛНИ НОМЕРА
Koha biblionumber 98863
Koha biblioitemnumber 98863
942 ## - АРТИКУЛИ
Вид на библиотечния материал Книги
Скрит в OPAC Не
Периодичен библиозапис Да
944 ## - СЪЗДАВАНЕ И РЕДАКЦИЯ на ЗАПИСА
Създаване/Редакция Създаване
Дата на регистрацията/редакция 01.01.2002
Служител, извършил регистрацията/редакцията Геновева_Генчева
944 ## - СЪЗДАВАНЕ И РЕДАКЦИЯ на ЗАПИСА
Създаване/Редакция Редакция
Дата на регистрацията/редакция 31.05.2004
999 ## - СИСТЕМНИ КОНТРОЛНИ НОМЕРА
Koha biblioitemnumber 98863
Наличности
Код за отписване Код за изгубен артикул Източник на класификационната схема Код за повреда Коз за рестрикции Код за отдаване Артикулен № Име на библиотеката - собственик Име на библиотеката, в която се намира в момента Статус (Текущо местоположение) Дата на вписване в системата Местоположение - отдел Цена в лева Инвентарен номер Систематично азбучна сигнатура Баркод Номер на екземпляра Цена в евро Служебна бележка Служебен тип на артикула
Изтеглен Не е изгубен Universal Decimal Classification Не е повреден без рестрикции заемане за дома 159115 Регионална библиотека "Любен Каравелов" Русе Регионална библиотека "Любен Каравелов" Русе Заемна - подръчен фонд 2002-10-18 Заемна - подръчен фонд 2.00 120000672989 П 886.7-1/Н 75 120000672989 1 1.02 Дост: DA Вид: А N: 42 Дата: 18.10.2002 Дата инв: 14.02.2018 Бележки инв: П2018 Книги
  Не е изгубен   Не е повреден без рестрикции заемане за дома 159116 Регионална библиотека "Любен Каравелов" Русе Регионална библиотека "Любен Каравелов" Русе Заемна - подръчен фонд 2002-10-18 Заемна - подръчен фонд 2.00 120000672990 П 886.7-1/Н 75 120000672990 2 1.02 Дост: DA Вид: А N: 42 Дата: 18.10.2002 Дата инв: 14.02.2018 Бележки инв: П2018 Книги
  Не е изгубен Universal Decimal Classification Не е повреден без рестрикции ползва се в читалня 159117 Регионална библиотека "Любен Каравелов" Русе Регионална библиотека "Любен Каравелов" Русе Краезнание 2002-10-18 Краезнание 2.00 120000672991 К 821.163.2/Н 75 Д 120000672991 3 1.02 Дост: DA Вид: А N: 42 Дата: 18.10.2002 Дата инв: 14.11.2017 Бележки инв: К2017 Книги
  Не е изгубен   Не е повреден без рестрикции ползва се в читалня 159118 Регионална библиотека "Любен Каравелов" Русе Регионална библиотека "Любен Каравелов" Русе Хранилище 2004-05-14 Хранилище 0.00 120000685481 Цб 212969 120000685481 4 0.00 Дост: Dp Вид: Д N: 29 Дата: 09.07.2003 Книги
Vip Innovations Ltd, Rousse, Bulgaria 2025